Vainqueurs de la Champions League (footballeurs) - Mort subite - Statistiques

Statistiques générales
  • Ce quiz a été pris 1 676 fois
  • Le résultat moyen est 10 sur 44
Answers on the Grid
Answers color-coded by a green-red scale on the quiz's grid according to % correct below.
Toni Kroos
Lionel Messi
Cristiano Ronaldo
Karim Benzema
Andrés Iniesta
Gerd Müller
Franz Beckenbauer
Uli Hoeneß
Thomas Müller
Manuel Neuer
Achraf Hakimi
Nuno Mendes
Marc-André ter Stegen
Arda Güler
Virgil van Dijk
Eden Hazard
Julián Alvarez
Mason Mount
Kai Havertz
N'Golo Kanté
Timo Werner
Olivier Giroud
Jamal Musiala
Robert Lewandowski
Joshua Kimmich
Niklas Süle
Neymar
Sadio Mané
Sami Khedira
Luis Suárez
Emre Can
Franck Ribéry
Bastian Schweinsteiger
Philipp Lahm
Kaká
Frank Lampard
Ashley Cole
Petr Cech
Fernando Torres
Thierry Henry
Ronaldinho
Oliver Kahn
Lars Ricken
Rudi Völler
Kylian Mbappé
Mats Hummels
Roberto Baggio
Antoine Griezmann
Cesc Fabregas
Michael Ballack
Ruud van Nistelrooy
Lilian Thuram
Francesco Totti
Fabio Cannavaro
Zlatan Ibrahimović
Sergio Agüero
Dennis Bergkamp
Gianluigi Buffon
Ronaldo (R9)
Lothar Matthäus
Florian Wirtz
Jadon Sancho
Julian Brandt
Marco Reus
Julian Draxler
Jens Lehmann
Pierre-Emerick Aubameyang
Mesut Özil
Mario Götze
Harry Kane
Heung-min Son
Diego Maradona
 
Statistiques - réponses
Réponse % Correct
Lionel Messi
43%
Achraf Hakimi
40%
Cristiano Ronaldo
39%
Toni Kroos
39%
Neymar
38%
Karim Benzema
37%
Luis Suárez
37%
Manuel Neuer
37%
Franck Ribéry
35%
Thomas Müller
35%
N'Golo Kanté
34%
Nuno Mendes
34%
Robert Lewandowski
34%
Virgil van Dijk
34%
Andrés Iniesta
33%
Sadio Mané
30%
Ronaldinho
28%
Joshua Kimmich
27%
Kai Havertz
26%
Kaká
26%
Olivier Giroud
26%
Philipp Lahm
25%
Marc-André ter Stegen
24%
Thierry Henry
23%
Julián Alvarez
22%
Bastian Schweinsteiger
20%
Eden Hazard
19%
Frank Lampard
18%
Mason Mount
18%
Petr Cech
18%
Timo Werner
16%
Arda Güler
15%
Fernando Torres
13%
Gerd Müller
13%
Oliver Kahn
13%
Sami Khedira
13%
Franz Beckenbauer
12%
Ashley Cole
10%
Jamal Musiala
6%
Niklas Süle
6%
Rudi Völler
6%
Emre Can
4%
Lars Ricken
3%
Uli Hoeneß
2%
Aucun quiz correspondant
Distribution des résultats
% des personnes avec chaque résultat
Percentile par nombre de réponses
Votre historique - résultats
Vous n’avez pas pris ce quiz